Math Software in Online Engineering Education

Článok popisuje model výučby s podporou matematického softvéru, ktorý je možné efektívne využiť v online vzdelávaní a prezenčnej výučbe. Model bol vyvinutý v rámci riešenia projektu s podporou agentúry KEGA s názvom Online Teaching Model s dôrazom na zvýšenie kvality inžinierskeho vzdelávania počas...

Ausführliche Beschreibung

Gespeichert in:
Bibliographische Detailangaben
1. Verfasser: Mišútová, Mária
Weitere Verfasser: Mišút, Martin, 1962-, Stúpalová, Hana
Format: Buchkapitel
Sprache:Englisch
Schlagworte:
Tags: Tag hinzufügen
Keine Tags, Fügen Sie das erste Tag hinzu!

MARC

LEADER 00000naa$a2200000$$$4500
001 0303841
005 20240827102842.2
041 0 |a eng 
044 |a SK 
245 1 0 |a Math Software in Online Engineering Education  |c Mária Mišútová, Martin Mišút, Hana Stúpalová 
520 |a Článok popisuje model výučby s podporou matematického softvéru, ktorý je možné efektívne využiť v online vzdelávaní a prezenčnej výučbe. Model bol vyvinutý v rámci riešenia projektu s podporou agentúry KEGA s názvom Online Teaching Model s dôrazom na zvýšenie kvality inžinierskeho vzdelávania počas možnej pandémie a projektu agentúry KEGA s názvom Interaktívne učebné materiály zo štatistiky a dizajnu experimentov. 
610 2 0 |a matematika 
610 2 0 |a matematika aplikovaná 
610 2 0 |a vzdelávanie elektronické 
610 2 0 |a inžinieri 
610 2 0 |a softvér 
100 1 |a Mišútová, Mária 
700 1 |a Mišút, Martin, 1962- 
700 1 |a Stúpalová, Hana